00323nam a2200133Ia 4500003000400000005001700004008004100021020001900062040002700081100002000108245003000128260002200158260000900180OSt20240202111640.0170523s9999 xx 000 0 und d a978-8125905530 ciimt university meerut aBHATACHARYA- SK 0aACCOUNTING FOR MANAGEMENT bVikas Publication c1993